[Event "Wiesbaden op 31st"]
[Site "Wiesbaden"]
[Date "2019.08.22"]
[Round "1"]
[White "Weiland, Thomas"]
[Black "Schneider, Joerg"]
[Result "1-0"]
[WhiteElo "1772"]
[BlackElo "2127"]
[PlyCount "87"]
[EventDate "2019.08.22"]
[EventType "swiss"]
[EventRounds "7"]
[EventCountry "GER"]
[SourceTitle "EXT 2020"]
[Source "ChessBase"]
[SourceDate "2019.10.17"]
[SourceVersion "1"]
[SourceVersionDate "2019.10.17"]
[SourceQuality "1"]

1. c4 c5 2. Nc3 Nc6 3. g3 g6 4. Bg2 Bg7 5. Nf3 e6 6. d3 Nge7 7. a3 Rb8 8. 0-0 0-0 9. Rb1 d6 10. Bd2 a6 11. Qc1 b5 12. cxb5 axb5 13. b4 cxb4 14. axb4 d5 15. Bh6 Qd6 16. Bxg7 Kxg7 17. Qb2 Kg8 18. Rfc1 Bd7 19. e4 d4 20. Ne2 e5 21. Rc5 f6 22. h4 Be6 23. Nh2 Ra8 24. Qc1 Ra2 25. Bf1 f5 26. f3 Rb8 27. g4 fxe4 28. fxe4 Qd7 29. Qg5 h6 30. Qxh6 Bxg4 31. Ng3 Rf8 32. Qg5 Be6 33. h5 Rff2 34. hxg6 Rxh2 35. Nh5 Rxh5 36. Qxh5 Kg7 37. Qh7+ Kf6 38. g7 Bg8 39. Qh6+ Ng6 40. Bh3 Qe8 41. Rf1+ Ke7 42. Qg5+ Kd6 43. Rf6+ Kc7 44. Rcxc6+ 1-0

[Event "Rhein Main op-A 22nd"]
[Site "Bad Homburg"]
[Date "2019.06.20"]
[Round "2"]
[White "Lehmann, Tim"]
[Black "Weiland, Thomas"]
[Result "1-0"]
[WhiteElo "1984"]
[BlackElo "1817"]
[PlyCount "61"]
[EventDate "2019.06.19"]
[EventType "swiss"]
[EventRounds "9"]
[EventCountry "GER"]
[SourceTitle "EXT 2020"]
[Source "ChessBase"]
[SourceDate "2019.10.17"]
[SourceVersion "1"]
[SourceVersionDate "2019.10.17"]
[SourceQuality "1"]

1. d4 b6 2. Bf4 Bb7 3. e3 Nf6 4. Nf3 e6 5. Nbd2 Be7 6. h3 0-0 7. Bd3 d5 8. Ne5 Nbd7 9. Qf3 c5 10. c3 Rc8 11. h4 c4 12. Bc2 b5 13. g4 Nxe5 14. dxe5 Nd7 15. Rg1 Nc5 16. Qe2 a5 17. g5 b4 18. h5 Ba6 19. g6 Nd3+ 20. Bxd3 cxd3 21. Qg4 hxg6 22. hxg6 Qd7 23. Bh6 f5 24. Qh5 gxh6 25. g7 Rfd8 26. Qxh6 Bc5 27. Rg6 Be7 28. Qh8+ Kf7 29. g8Q+ Rxg8 30. Qh7+ Ke8 31. Qxg8+ 1-0

[Event "Hessen-chB"]
[Site "Frankfurt"]
[Date "2019.06.01"]
[Round "6"]
[White "Buchholz, Maja Patricia"]
[Black "Weiland, Thomas"]
[Result "0-1"]
[WhiteElo "1657"]
[BlackElo "1817"]
[PlyCount "74"]
[EventDate "2019.05.30"]
[EventType "swiss"]
[EventRounds "7"]
[EventCountry "GER"]
[SourceTitle "EXT 2020"]
[Source "ChessBase"]
[SourceDate "2019.10.17"]
[SourceVersion "1"]
[SourceVersionDate "2019.10.17"]
[SourceQuality "1"]

1. c4 c5 2. g3 g6 3. Bg2 Bg7 4. e3 Nc6 5. Ne2 Nf6 6. 0-0 0-0 7. Nbc3 d6 8. Rb1 Rb8 9. a3 a5 10. b3 Bd7 11. Bb2 e5 12. Nb5 Bf5 13. d3 Qd7 14. Re1 Rfd8 15. Nec3 Ne7 16. Na4 b6 17. Rc1 Ne8 18. d4 e4 19. d5 Bxb2 20. Nxb2 Bg4 21. Qc2 Bf3 22. Na4 Nf6 23. Qb2 Nh5 24. Nac3 f5 25. Qd2 g5 26. Qb2 Ng6 27. Bxf3 exf3 28. h3 Ne5 29. Qc2 f4 30. Kh2 fxg3+ 31. fxg3 Nf6 32. Rf1 Rf8 33. Nb1 Nfg4+ 34. hxg4 Nxg4+ 35. Kg1 f2+ 36. Kh1 Nxe3 37. Qd2 Qh3# 0-1

[Event "Frankfurt-chA"]
[Site "Frankfurt"]
[Date "2019.05.27"]
[Round "5"]
[White "Weiland, Thomas"]
[Black "Leichum, Engelbert"]
[Result "1-0"]
[WhiteElo "1751"]
[BlackElo "1570"]
[PlyCount "135"]
[EventDate "2019.04.29"]
[EventType "swiss"]
[EventRounds "7"]
[EventCountry "GER"]
[SourceTitle "EXT 2020"]
[Source "ChessBase"]
[SourceDate "2019.10.17"]
[SourceVersion "1"]
[SourceVersionDate "2019.10.17"]
[SourceQuality "1"]

1. e4 d5 2. exd5 Nf6 3. d4 Nxd5 4. Nf3 Bf5 5. c3 Nd7 6. Nbd2 e6 7. Nc4 c5 8. Bg5 Be7 9. Nd6+ Kf8 10. Nxb7 Qc7 11. Bxe7+ Nxe7 12. Nxc5 Nxc5 13. dxc5 Qxc5 14. Be2 h5 15. 0-0 Ng6 16. Nd4 Bg4 17. Re1 Nf4 18. Bxg4 hxg4 19. Qxg4 e5 20. Qf5 Re8 21. Nf3 Rh5 22. Qe4 Qd6 23. Rad1 Qh6 24. Rd7 f5 25. Qb4+ Kg8 26. Qc4+ Kh8 27. Qf7 Re6 28. Rd8+ Kh7 29. Qg8+ Kg6 30. Re8 Rxe8 31. Qxe8+ Kh7 32. h4 e4 33. Ng5+ Rxg5 34. hxg5 Qxg5 35. g3 Qg4 36. Qd8 Nh3+ 37. Kf1 Ng5 38. Re3 Qh3+ 39. Ke2 Qg4+ 40. Kd2 Nf3+ 41. Kc2 Qg6 42. Qd5 Qg4 43. b4 Qh3 44. Rxf3 exf3 45. Qxf3 Qf1 46. Qxf5+ Kh6 47. Qf4+ Kh7 48. Qe4+ Kh6 49. Qe3+ g5 50. g4 Qc4 51. Qxa7 Qe2+ 52. Kb3 Qd1+ 53. Ka3 Qc1+ 54. Ka4 Qc2+ 55. Kb5 Qe2+ 56. c4 Qe8+ 57. Ka5 Qe2 58. Qb6+ Kg7 59. Qd4+ Kh6 60. a4 Qe8 61. Qd6+ Kg7 62. b5 Qe1+ 63. Ka6 Qxf2 64. Qe5+ Kh6 65. Qh8+ Kg6 66. Qh5+ Kg7 67. Qxg5+ Kf7 68. Qf5+ 1-0

[Event "Frankfurt-chA"]
[Site "Frankfurt"]
[Date "2019.05.20"]
[Round "4"]
[White "Mayer, Andreas"]
[Black "Weiland, Thomas"]
[Result "1-0"]
[WhiteElo "1446"]
[BlackElo "1751"]
[PlyCount "65"]
[EventDate "2019.04.29"]
[EventType "swiss"]
[EventRounds "7"]
[EventCountry "GER"]
[SourceTitle "EXT 2020"]
[Source "ChessBase"]
[SourceDate "2019.10.17"]
[SourceVersion "1"]
[SourceVersionDate "2019.10.17"]
[SourceQuality "1"]

1. e4 e5 2. d4 exd4 3. Qxd4 Nc6 4. Qe3 d6 5. Nc3 Bd7 6. Bd2 Be7 7. Qg3 Bf6 8. 0-0-0 Nge7 9. f4 Ng6 10. Nf3 0-0 11. h4 h5 12. Bc4 Qc8 13. Qxg6 Be6 14. Bxe6 Qxe6 15. Ng5 Bxg5 16. Qxe6 fxe6 17. hxg5 g6 18. Nb5 Rac8 19. Rh4 a6 20. Nc3 Rf7 21. Ne2 Rh7 22. Bc3 e5 23. g4 Rf8 24. f5 Ne7 25. f6 Nc6 26. gxh5 b5 27. Rdh1 Rxh5 28. Rxh5 gxh5 29. Rxh5 b4 30. Be1 a5 31. Bh4 Nd4 32. Nxd4 exd4 33. g6 1-0

[Event "Frankfurt-chA"]
[Site "Frankfurt"]
[Date "2019.04.30"]
[Round "1"]
[White "Weiland, Thomas"]
[Black "Hankel, Dennis"]
[Result "0-1"]
[WhiteElo "1751"]
[BlackElo "2131"]
[PlyCount "76"]
[EventDate "2019.04.29"]
[EventType "swiss"]
[EventRounds "7"]
[EventCountry "GER"]
[SourceTitle "EXT 2020"]
[Source "ChessBase"]
[SourceDate "2019.10.17"]
[SourceVersion "1"]
[SourceVersionDate "2019.10.17"]
[SourceQuality "1"]

1. c4 c6 2. Nc3 d5 3. cxd5 cxd5 4. d4 Nc6 5. g3 Nf6 6. Nf3 Bf5 7. Bg2 e6 8. a3 Bd6 9. 0-0 a6 10. Bd2 h6 11. b4 0-0 12. Rc1 Rc8 13. Re1 Bh7 14. Na4 Ne4 15. Bc3 Qf6 16. Ba1 Rfd8 17. Rf1 Qe7 18. Nd2 Bb8 19. Nb6 Rc7 20. Na8 Rcd7 21. Nb6 Rd6 22. Nxe4 Bxe4 23. Na4 e5 24. dxe5 Nxe5 25. Nc5 Bxg2 26. Kxg2 d4 27. Qb3 Ng4 28. Nd3 Rd5 29. Rce1 Rh5 30. Rh1 Qe4+ 31. Kg1 Ne3 32. f3 Qe7 33. Nf2 Rhd5 34. Qd3 Qg5 35. Nh3 Qh5 36. Nf2 Rg5 37. g4 Qh4 38. Bxd4 Bxh2+ 0-1

[Event "Hofheim Spring op-B 7th"]
[Site "Hofheim"]
[Date "2019.04.26"]
[Round "6"]
[White "Annon, Shihan"]
[Black "Weiland, Thomas"]
[Result "1/2-1/2"]
[WhiteElo "1613"]
[BlackElo "1820"]
[PlyCount "126"]
[EventDate "2019.04.23"]
[EventType "swiss"]
[EventRounds "9"]
[EventCountry "GER"]
[SourceTitle "CBM 190 Extra"]
[Source "ChessBase"]
[SourceDate "2019.07.15"]
[SourceVersion "1"]
[SourceVersionDate "2019.07.15"]
[SourceQuality "1"]

1. d4 b6 2. Bf4 Bb7 3. Nf3 e6 4. e3 d6 5. c3 Be7 6. Nbd2 Nf6 7. Bd3 h6 8. Qe2 Nbd7 9. Bg3 Nh5 10. e4 Nxg3 11. hxg3 c6 12. Nh4 Qc7 13. Qg4 g5 14. Nhf3 0-0-0 15. Nh2 Kb8 16. Qe2 Rde8 17. a4 a5 18. Ba6 f5 19. Bxb7 Kxb7 20. 0-0 Nf6 21. Qc4 d5 22. exd5 exd5 23. Qd3 Ne4 24. Nhf3 Bd6 25. c4 Qf7 26. Ne5 Bxe5 27. dxe5 Nxd2 28. Qxd2 dxc4 29. Qc3 Qe6 30. Rfe1 Rd8 31. Rad1 Rhe8 32. f4 gxf4 33. gxf4 Rg8 34. Rxd8 Rxd8 35. Rc1 c5 36. Qxc4 Qxc4 37. Rxc4 Rd2 38. g4 fxg4 39. f5 Kc6 40. f6 Kd7 41. Rf4 Ke8 42. f7+ Kf8 43. Kf1 Rd4 44. Rf6 h5 45. e6 Re4 46. Rh6 Rf4+ 47. Kg2 Kg7 48. Rh7+ Kxh7 49. e7 Rxf7 50. e8Q Kg6 51. Kg3 Kg7 52. Kh4 Rf5 53. Qd7+ Kg6 54. Qe6+ Rf6 55. Qg8+ Kf5 56. Kxh5 Ke5 57. Qg7 Ke6 58. Qxg4+ Ke5 59. Qg7 Ke6 60. Qg4+ Ke5 61. Qe2+ Kf4 62. Qc4+ Kf5 63. Qg4+ Ke5 1/2-1/2

[Event "Hofheim Spring op-B 7th"]
[Site "Hofheim"]
[Date "2019.04.25"]
[Round "4"]
[White "Waligora, Franciszek"]
[Black "Weiland, Thomas"]
[Result "1-0"]
[WhiteElo "1694"]
[BlackElo "1820"]
[PlyCount "97"]
[EventDate "2019.04.23"]
[EventType "swiss"]
[EventRounds "9"]
[EventCountry "GER"]
[SourceTitle "CBM 190 Extra"]
[Source "ChessBase"]
[SourceDate "2019.07.15"]
[SourceVersion "1"]
[SourceVersionDate "2019.07.15"]
[SourceQuality "1"]

1. e4 b6 2. d4 Bb7 3. Nc3 e6 4. d5 Nf6 5. Nf3 exd5 6. exd5 Bb4 7. Bc4 Qe7+ 8. Be3 Ng4 9. Qe2 Nxe3 10. fxe3 0-0 11. 0-0 Re8 12. Rae1 d6 13. Bb5 c6 14. dxc6 Bxc6 15. Bxc6 Nxc6 16. Nd5 Qd8 17. Nxb4 Nxb4 18. Qc4 a5 19. Nd4 d5 20. Qb3 Rc8 21. e4 Rc7 22. exd5 Rxe1 23. Rxe1 Re7 24. Rxe7 Qxe7 25. Qc3 Nxd5 26. Qc8+ Qf8 27. Qc6 Qd8 28. c3 h6 29. Nf5 Kh7 30. Qc4 Nf6 31. Nd4 Qe7 32. Qd3+ g6 33. Qf1 Ne4 34. Qe2 f5 35. Qe3 Qc5 36. Qd3 Qd6 37. g3 Qd5 38. Qa6 h5 39. Qxb6 Qxa2 40. Qc7+ Kh6 41. Qf4+ Kg7 42. Qe5+ Kh7 43. Qe7+ Kh8 44. Ne6 Qb1+ 45. Kg2 Qc2+ 46. Kh3 Nf2+ 47. Kh4 Qe4+ 48. Kg5 Nh3+ 49. Kf6 1-0

[Event "Hofheim Spring op-B 7th"]
[Site "Hofheim"]
[Date "2019.04.25"]
[Round "5"]
[White "Weiland, Thomas"]
[Black "Hofmann, Werner2222"]
[Result "0-1"]
[WhiteElo "1820"]
[BlackElo "1696"]
[PlyCount "70"]
[EventDate "2019.04.23"]
[EventType "swiss"]
[EventRounds "9"]
[EventCountry "GER"]
[SourceTitle "CBM 190 Extra"]
[Source "ChessBase"]
[SourceDate "2019.07.15"]
[SourceVersion "1"]
[SourceVersionDate "2019.07.15"]
[SourceQuality "1"]

1. c4 e6 2. g3 c6 3. Bg2 d5 4. cxd5 exd5 5. d4 Bd6 6. Nf3 Bf5 7. Nc3 Nf6 8. 0-0 Nbd7 9. Re1 0-0 10. Nh4 Be6 11. e4 dxe4 12. Nxe4 Nxe4 13. Bxe4 Be7 14. Nf5 Bb4 15. Bd2 Bxd2 16. Qxd2 Nf6 17. Bc2 Nd5 18. a3 Ne7 19. Nxe7+ Qxe7 20. Qd3 g6 21. Re4 Qf6 22. Rf4 Qg5 23. h4 Qd5 24. Qc3 Rae8 25. Kh2 Qd7 26. Re1 Bd5 27. h5 Rxe1 28. Qxe1 Re8 29. Qd2 Qe6 30. hxg6 fxg6 31. Qb4 Qe1 32. g4 Qh1+ 33. Kg3 Qg2+ 34. Kh4 Qh1+ 35. Kg5 h6+ 0-1

[Event "Hessen Cup Goldener Springer"]
[Site "Griesheim"]
[Date "2019.01.20"]
[Round "5"]
[White "Bakiev, Diyor"]
[Black "Weiland, Thomas"]
[Result "1/2-1/2"]
[WhiteElo "1918"]
[BlackElo "1800"]
[PlyCount "74"]
[EventDate "2019.01.18"]
[EventType "swiss"]
[EventRounds "6"]
[EventCountry "GER"]
[SourceTitle "EXT 2020"]
[Source "ChessBase"]
[SourceDate "2019.10.17"]
[SourceVersion "1"]
[SourceVersionDate "2019.10.17"]
[SourceQuality "1"]

1. e4 e6 2. d4 d5 3. e5 c5 4. c3 Nc6 5. Nf3 cxd4 6. cxd4 Qb6 7. Bd3 Bb4+ 8. Nc3 Bd7 9. a3 Be7 10. 0-0 Nxd4 11. Nxd4 Qxd4 12. Qe2 a6 13. Kh1 Qb6 14. f4 g6 15. Be3 Bc5 16. Bxc5 Qxc5 17. Rac1 Qe7 18. b4 Nh6 19. b5 0-0 20. bxa6 bxa6 21. a4 a5 22. Rf3 Kg7 23. Rh3 Rh8 24. Rf1 Rac8 25. f5 Nxf5 26. Bxf5 exf5 27. Nxd5 Qc5 28. Qd2 h6 29. Rc3 Qa7 30. Rxc8 Rxc8 31. e6 Bxe6 32. Qb2+ Kg8 33. Nf6+ Kf8 34. Nh7+ Kg8 35. Nf6+ Kf8 36. Nh7+ Kg8 37. Nf6+ Kf8 1/2-1/2

[Event "Hessen Cup Goldener Springer"]
[Site "Griesheim"]
[Date "2019.01.19"]
[Round "4"]
[White "Weiland, Thomas"]
[Black "Klundt, Klaus"]
[Result "1/2-1/2"]
[WhiteElo "1800"]
[BlackElo "2309"]
[PlyCount "53"]
[EventDate "2019.01.18"]
[EventType "swiss"]
[EventRounds "6"]
[EventCountry "GER"]
[SourceTitle "EXT 2020"]
[Source "ChessBase"]
[SourceDate "2019.10.17"]
[SourceVersion "1"]
[SourceVersionDate "2019.10.17"]
[SourceQuality "1"]

1. c4 Nf6 2. Nc3 g6 3. Nf3 Bg7 4. g3 0-0 5. Bg2 d6 6. d4 Nc6 7. 0-0 a6 8. Re1 Rb8 9. a4 Na5 10. b3 c5 11. e3 d5 12. cxd5 Nxd5 13. Nxd5 Qxd5 14. Rb1 Rd8 15. Ba3 cxd4 16. Bxe7 Re8 17. Nxd4 Qe5 18. Ba3 Bd7 19. Nf3 Qe6 20. Nd4 Qf6 21. Qd2 Nc6 22. Nxc6 Bxc6 23. Bb2 Red8 24. Qe2 Qe6 25. Bxg7 Bxg2 26. Kxg2 Kxg7 27. Qb2+ 1/2-1/2

[Event "Rhein Main op-A 21st"]
[Site "Bad Homburg"]
[Date "2018.05.31"]
[Round "3"]
[White "Weiland, Thomas"]
[Black "Korolev, Alexandr"]
[Result "0-1"]
[WhiteElo "1799"]
[BlackElo "2094"]
[PlyCount "46"]
[EventDate "2018.05.30"]
[EventType "swiss"]
[EventRounds "7"]
[EventCountry "GER"]
[SourceTitle "EXT 2019"]
[Source "ChessBase"]
[SourceDate "2018.10.10"]
[SourceVersion "1"]
[SourceVersionDate "2018.10.10"]
[SourceQuality "1"]

1. c4 e5 2. Nc3 Nf6 3. g3 Nc6 4. Bg2 Bb4 5. a3 Bxc3 6. dxc3 0-0 7. e4 d6 8. Ne2 Be6 9. b3 a5 10. Qd3 Nd7 11. Be3 Nc5 12. Bxc5 dxc5 13. Nc1 a4 14. Bf1 axb3 15. Nxb3 Qxd3 16. Bxd3 b6 17. a4 Ra7 18. Nd2 Rfa8 19. Bc2 Na5 20. Bd3 Nb7 21. Bc2 Nd6 22. Bb3 Bd7 23. 0-0 Bxa4 0-1

[Event "Frankfurt-chA"]
[Site "Frankfurt"]
[Date "2018.04.30"]
[Round "1"]
[White "Weiland, Thomas"]
[Black "Sandten, Ulrich"]
[Result "0-1"]
[WhiteElo "1697"]
[BlackElo "2074"]
[PlyCount "104"]
[EventDate "2018.04.30"]
[EventType "swiss"]
[EventRounds "7"]
[EventCountry "GER"]
[SourceTitle "EXT 2019"]
[Source "ChessBase"]
[SourceDate "2018.10.10"]
[SourceVersion "1"]
[SourceVersionDate "2018.10.10"]
[SourceQuality "1"]

1. e4 e6 2. d4 d5 3. exd5 exd5 4. Nf3 Bd6 5. Bg5 Ne7 6. Bd3 Nbc6 7. c3 Bg4 8. Nbd2 Qd7 9. Qe2 0-0-0 10. 0-0-0 Rde8 11. Rde1 f6 12. Be3 Nf5 13. Qd1 Bh5 14. Qa4 Kb8 15. Bb5 a6 16. Bxc6 Qxc6 17. Qxc6 bxc6 18. b4 Re7 19. Nb3 Kc8 20. Na5 Kd7 21. Nb7 Rhe8 22. Bd2 Bxf3 23. gxf3 Rxe1+ 24. Rxe1 Rxe1+ 25. Bxe1 Nh4 26. Kd1 Nxf3 27. h3 g5 28. a4 h5 29. Bd2 h4 30. Bc1 Ng1 31. Ke1 Nxh3 32. Kf1 g4 33. Kg2 Nf4+ 34. Bxf4 Bxf4 35. Nc5+ Kd6 36. Nxa6 h3+ 37. Kh1 Bd2 38. a5 Kd7 39. Nc5+ Kc8 40. a6 Kb8 41. Nd7+ Ka7 42. Nxf6 Bxc3 43. Nxg4 Bxd4 44. f4 Kxa6 45. f5 Kb5 46. f6 Kxb4 47. f7 Bg7 48. Kh2 d4 49. Kxh3 d3 50. Kg2 d2 51. Ne3 Kc3 52. Nd1+ Kc2 0-1

[Event "Heusenstamm Sparkassen op-A 4th"]
[Site "Heusenstamm"]
[Date "2017.11.25"]
[Round "5"]
[White "Weiland, Thomas"]
[Black "Angermuende, Dirk"]
[Result "1/2-1/2"]
[WhiteElo "1787"]
[BlackElo "1989"]
[PlyCount "90"]
[EventDate "2017.11.23"]
[EventType "swiss"]
[EventRounds "7"]
[EventCountry "GER"]
[SourceTitle "EXT 2019"]
[Source "ChessBase"]
[SourceDate "2018.10.10"]
[SourceVersion "1"]
[SourceVersionDate "2018.10.10"]
[SourceQuality "1"]

1. e4 e6 2. d4 d5 3. exd5 exd5 4. Nf3 Bd6 5. Be2 Ne7 6. c3 0-0 7. 0-0 c6 8. Bg5 f6 9. Bh4 Bf5 10. Nbd2 Nd7 11. Bg3 Nb6 12. Re1 Qc7 13. Bxd6 Qxd6 14. a4 a5 15. Nh4 Bd7 16. Bd3 Rae8 17. Qh5 f5 18. Re3 g6 19. Qh6 Qf6 20. Ndf3 Qg7 21. Qxg7+ Kxg7 22. Rae1 Ng8 23. Rxe8 Rxe8 24. Rxe8 Bxe8 25. b3 Nf6 26. Ng5 Bd7 27. Ngf3 Bc8 28. Ne5 Nfd7 29. Nhf3 Kf6 30. Kf1 h6 31. Ke2 g5 32. Nxd7+ Nxd7 33. Nd2 Nb6 34. Bc2 Nd7 35. f3 Nf8 36. g3 Ne6 37. Kf2 Nc7 38. Bd3 Bd7 39. b4 axb4 40. cxb4 Ne6 41. Nb3 Bc8 42. Be2 Ke7 43. Bd3 Kf6 44. Be2 Ke7 45. Bd3 Kf6 1/2-1/2

[Event "Heusenstamm Sparkassen op-A 4th"]
[Site "Heusenstamm"]
[Date "2017.11.24"]
[Round "3"]
[White "Weiland, Thomas"]
[Black "Bethke, Robert"]
[Result "1/2-1/2"]
[WhiteElo "1787"]
[BlackElo "1929"]
[PlyCount "163"]
[EventDate "2017.11.23"]
[EventType "swiss"]
[EventRounds "7"]
[EventCountry "GER"]
[SourceTitle "EXT 2019"]
[Source "ChessBase"]
[SourceDate "2018.10.10"]
[SourceVersion "1"]
[SourceVersionDate "2018.10.10"]
[SourceQuality "1"]

1. e4 e5 2. Nf3 Nf6 3. Nc3 Nc6 4. d3 Be7 5. Be2 0-0 6. 0-0 d5 7. exd5 Nxd5 8. Bd2 Be6 9. Re1 f6 10. a3 a5 11. Nxd5 Bxd5 12. Be3 Kh8 13. c4 Bf7 14. Rb1 f5 15. h3 Bg6 16. Bd2 e4 17. Nh2 exd3 18. Bf3 Bd6 19. b4 axb4 20. axb4 Ra2 21. Nf1 Nd4 22. c5 Be7 23. Bxb7 f4 24. Be4 Ne2+ 25. Rxe2 dxe2 26. Qxe2 f3 27. gxf3 Bg5 28. Bxg6 Bxd2 29. Be4 Qg5+ 30. Kh1 Qh6 31. Kg2 Qg5+ 32. Kh1 Rd8 33. Rd1 Rb2 34. b5 Qxc5 35. Bc6 Qg5 36. Ng3 Bc3 37. Rxd8+ Qxd8 38. Qf1 Rd2 39. Kg2 Rb2 40. Ne4 Be5 41. Qc1 Qf8 42. Qg5 Bf4 43. Qh5 Rb1 44. Ng5 Bxg5 45. Qxg5 Re1 46. Be4 Rd1 47. Qh5 Qg8 48. Qc5 Rd7 49. Qc6 Qd8 50. Qc5 Rd6 51. Qh5 Rh6 52. Qg4 Qe8 53. Qg3 Rd6 54. Qh4 h6 55. Qf4 Qd8 56. Qf5 Qg5+ 57. Qxg5 hxg5 58. Kg3 g6 59. Kg4 Kg7 60. Kxg5 Rd2 61. Bxg6 Rxf2 62. Be4 Rg2+ 63. Kf4 Rb2 64. Bc6 Rb4+ 65. Kg5 Rd4 66. h4 Rd1 67. h5 Rg1+ 68. Kf4 Kh6 69. Be8 Re1 70. Bg6 Re6 71. Kf5 Rb6 72. Be8 Rb8 73. Bc6 Kxh5 74. Ke5 Rd8 75. f4 Kg6 76. f5+ Kf7 77. Bd5+ Kf8 78. Bc6 Rd2 79. Kf6 Rd6+ 80. Ke5 Ke7 81. Bd5 Rh6 82. Bc6 1/2-1/2

[Event "Eschborn op"]
[Site "Eschborn"]
[Date "2017.10.15"]
[Round "5"]
[White "Ochs, Daniel Elias"]
[Black "Weiland, Thomas"]
[Result "1/2-1/2"]
[WhiteElo "1552"]
[BlackElo "1725"]
[PlyCount "58"]
[EventDate "2017.10.13"]
[EventType "swiss"]
[EventRounds "5"]
[EventCountry "GER"]
[SourceTitle "EXT 2019"]
[Source "ChessBase"]
[SourceDate "2018.10.10"]
[SourceVersion "1"]
[SourceVersionDate "2018.10.10"]
[SourceQuality "1"]

1. d4 f5 2. Nf3 Nf6 3. Bf4 d6 4. h3 g6 5. e3 Bg7 6. c4 c6 7. Nc3 0-0 8. Be2 Na6 9. 0-0 Nc7 10. b4 a6 11. a4 b6 12. Qb3 Kh8 13. Rfb1 Bd7 14. a5 b5 15. c5 Be6 16. Qc2 Nfd5 17. Nxd5 Bxd5 18. Rd1 Ne6 19. Bh2 Rc8 20. Rac1 Qd7 21. Bf1 Bh6 22. Re1 Ng5 23. Nxg5 Bxg5 24. Bf4 Bf6 25. Rcd1 Qe6 26. Qc1 Rfd8 27. Bh2 Qf7 28. Rd2 Qg7 29. Red1 Qf7 1/2-1/2